000 00666nam a2200217Ia 4500
003 GCL
005 20240530095250.0
008 140319s9999 xx 000 0 ara d
040 _aGCL /
_cGCL
082 0 4 _a347.62
_bق/م ق
100 1 _aمجدى جرجس
245 1 0 _aالقضاء القبطى فى مصر /
_cمجدى جرجس
250 _aالاولى
260 _aالقاهرة :
_bميريت للنشر والمعلومات ،
_c1999
300 _a173 ص ؛
_c20 سم
650 0 4 _aالاقباط
650 0 4 _aالقضاء - مصر
650 0 4 _aالمسيحيون والسياسة
650 0 4 _aالاقباط - القضاء
942 _2ddc
_cBK
999 _c5590
_d5590